Sports Quiz

Random Sports or Logo Quiz

Sports Logos III Quiz Stats

 Plays Quiz Updated Jul 5, 2017

Support Sporcle.
Go Orange.
Score 0/25 Timer 06:00
28 Plays Today
Hint Answer % Correct
NFLMinnesota Vikings
93.4%
NFLSeattle Seahawks
90.4%
NHLSan Jose Sharks
90.4%
NFLDetroit Lions
90.2%
NFLArizona Cardinals
88.8%
NBASan Antonio Spurs
88.7%
NHLToronto Maple Leafs
84.5%
MLBToronto Blue Jays
84%
NBAHouston Rockets
82.5%
NBAWashington Wizards
79.5%
MLBArizona Diamondbacks
72.2%
NBADenver Nuggets
71.8%
NHLSt. Louis Blues
71.7%
Hint Answer % Correct
MLBBaltimore Orioles
71.2%
MLBAtlanta Braves
69.2%
MLBKansas City Royals
68.1%
NHLBuffalo Sabres
66.5%
NBALos Angeles Clippers
60.6%
NHLNashville Predators
54.7%
EPLManchester City
53%
WNBANew York Liberty
51.6%
EPLTottenham Hotspur
49.5%
Serie AAC Milan
47.3%
EPLEverton
40.9%
MLSColumbus Crew
31.1%

You're not logged in!

Compare scores with friends on all Sporcle quizzes.
OR
Log In
Forgot?

From the Vault

Ghostbusters Actors

by nwaldrip

Who ya gonna call...one of these many fine actors apparently.
Remove Ads.
Support Sporcle.
Get the best of Sporcle when you Go Orange. This ad-free experience offers more features, more stats, and more fun while also helping to support Sporcle. Thank you for becoming a member.

Show Comments

Extras

Top Quizzes Today


Score Distribution

Your Account Isn't Verified!

In order to create a playlist on Sporcle, you need to verify the email address you used during registration. Go to your Sporcle Settings to finish the process.

Report this User

Report this user for behavior that violates our Community Guidelines.

Details: